000 00525nam a22002057a 4500
003 OSt
005 20160324145734.0
008 160324b xxu||||| |||| 00| 0 eng d
020 _a0435330489
040 _c040a
082 _a338.9
_bNIX 2001
100 _aNixson, Frederick
_97444
245 _aDevelopment economics /
_cFrederick Nixson
250 _a2nd.ed
260 _aManchester
_bHeinemann
_c2001
300 _aiv, 124p;
_bill :
_c8 cm.
504 _aIncludes index
650 _aEconomics
_9975
942 _2ddc
_cSLOAN
999 _c3320
_d3320